000 00680nam a2200289Ia 4500
005 20260324143602.0
008 008 260324s9999 xx 000 0 eng d
020 _a9781351040907
037 _aEBOOK
040 _aCRL
040 _beng
040 _cCRL
041 _2eng
041 _aeng
084 _qCRL
100 _aColleen McLaughlin; Martyn Rouse
_91216183
245 0 _aSupporting Schools
245 0 _bAdvisory Worker's Role
260 _bTaylor and Francis
260 _c1991
365 _a
365 _b74.99
856 _uhttp://www.taylorfrancis.com/books/9781351040907
942 _cEBOOK
999 _c1821752
_d1821752